Nero : (Record no. 128576)

MARC details
000 -LEADER
fixed length control field 00650nam a22002297a 4500
005 - DATE AND TIME OF LATEST TRANSACTION
control field 20170124110041.0
010 ## - LIBRARY OF CONGRESS CONTROL NUMBER
LC control number A-143263
020 ## - INTERNATIONAL STANDARD BOOK NUMBER
Terms of availability 00.00
035 ## - SYSTEM CONTROL NUMBER
System control number A-143263
037 ## - SOURCE OF ACQUISITION
Source of stock number/acquisition Cen Lib/ Ret
040 ## - CATALOGING SOURCE
Original cataloging agency DPL
Language of cataloging EN
082 ## - DEWEY DECIMAL CLASSIFICATION NUMBER
Classification number 921
Item number BIS
100 ## - MAIN ENTRY--PERSONAL NAME
Personal name Bishop, John
9 (RLIN) 23810
245 ## - TITLE STATEMENT
Title Nero :
Statement of responsibility, etc by John Bishop
Remainder of title the man and legend /
260 ## - PUBLICATION, DISTRIBUTION, ETC. (IMPRINT)
Place of publication, distribution, etc London
Name of publisher, distributor, etc Robert Hale
Date of publication, distribution, etc 1964
270 ## - ADDRESS
City London
Address 63, old brompton road
300 ## - PHYSICAL DESCRIPTION
Extent 208p. ;
Dimensions 21cm(Hb)
Other physical details ill.
500 ## - GENERAL NOTE
General note Includes appendix and index
650 ## - SUBJECT ADDED ENTRY--TOPICAL TERM
Topical term or geographic name as entry element Political science
General subdivision Leader
9 (RLIN) 23811
650 ## - SUBJECT ADDED ENTRY--TOPICAL TERM
Topical term or geographic name as entry element Biographies
9 (RLIN) 618
942 ## - ADDED ENTRY ELEMENTS (KOHA)
Source of classification or shelving scheme Dewey Decimal Classification
Koha item type English Books
Classification part 921
Call number suffix BIS
Holdings
Withdrawn status Lost status Damaged status Not for loan Home library Current library Date acquired Source of acquisition Cost, normal purchase price Total Checkouts Full call number Barcode Date last seen Copy number Cost, replacement price Price effective from Koha item type
        Central Library Central Library 02/07/2015 Cen Lib/Ret 0.00   921 BIS A-143263 02/07/2015 1 0.00 02/07/2015 English Books

© Delhi Public Library
Hit Counter
free hit counter